Children's World (Record no. 75143)

MARC details
000 -LEADER
fixed length control field 00336nas a22001337a 4500
005 - DATE AND TIME OF LATEST TRANSACTION
control field 20130506152112.0
008 - FIXED-LENGTH DATA ELEMENTS--GENERAL INFORMATION
fixed length control field 130506b xxu||||| |||| 00| 0 eng d
082 ## - DEWEY DECIMAL CLASSIFICATION NUMBER
Edition number 050
245 ## - TITLE STATEMENT
Title Children's World
260 ## - PUBLICATION, DISTRIBUTION, ETC. (IMPRINT)
Place of publication, distribution, etc New Delhi
Name of publisher, distributor, etc Children's Book Trust
300 ## - PHYSICAL DESCRIPTION
Extent 47p
310 ## - CURRENT PUBLICATION FREQUENCY
Current publication frequency monthly
942 ## - ADDED ENTRY ELEMENTS (KOHA)
Source of classification or shelving scheme Dewey Decimal Classification
Item type Periodicals
Classification part 050
Serial record 1

No items available.


© Delhi Public Library
Hit Counter
free hit counter